College Football: Top 5 Teams by Year (2000-2021) - Statistics

General Stats
  • This quiz has been taken 397 times
    342 since last reset
  • The average score is 95 of 110
Answer Stats
Hint Answer % Correct
| 2009 | 2011 | +4 others Alabama
100%
Georgia
98%
| 2002 | 2014 Ohio St.
98%
Texas
98%
Florida
97%
Michigan
97%
2000 Oklahoma
96%
Florida St.
94%
Clemson
93%
LSU
92%
Oregon
91%
Southern Cal
90%
Notre Dame
86%
Miami (FL)
84%
Auburn
82%
Washington
82%
Michigan St.
80%
TCU
80%
Texas A&M
76%
Penn St.
74%
Tennessee
73%
Oklahoma St.
66%
Cincinnati
63%
Baylor
59%
Missouri
49%
Stanford
48%
Utah
48%
Arkansas
47%
South Carolina
45%
Boise St.
42%
West Virginia
34%
Oregon St.
33%
No matching quizzes found
Score Distribution
Percent of People with Each Score
Percentile by Number Answered
Your Score History
You have not taken this quiz since the last reset